000 00807nam a2200193 a 4500
001 000003015
005 20200929150316.0
008 090706s1994 dr b 000 0 spa d
040 _aDO-SdBNP
_bspa
_cBNPHU
082 _a338.6042
_aS232e
100 1 _aSantana, Julio
_99560
245 1 0 _aEstrategia neoliberal, urbanización y zonas francas industriales :
_bel caso de Santiago, República Dominicana /
_cJulio Santana.
260 _aSanto Domingo :
_bFacultad Latinoamericana de Ciencias Sociales,
_c1994.
300 _a132 p. :
_bmap. ;
_c19 cm.
504 _aIncluye referencias bibliográficas y notas al pie de las páginas.
650 4 _aZonas francas
_zRepública Dominicana
_98349
650 4 _aUrbanización
_zRepública Dominicana
_99561
651 4 _aRepública Dominicana
_xCondiciones Económicas
_9281
999 _c2847
_d2847